000 00315nam a22001217a 4500
008 160427b xxu||||| |||| 00| 0 eng d
020 _a9780132111751
020 _a0132111756
041 _aeng
080 _a618.2
245 1 0 _aPrinciples of pediatric nursing:
_cJane Ball; Ruth Bindler; Kay Cowen;
942 _2udc
_cBK
999 _c1626
_d1626